00621nam a22001937a 450000500170000001000130001702000100003003500130004003700170005304000120007008200110008210000200009324501580011326000360027127000590030730000200036665000230038665000180040920170124105933.0 aA-762000 c00.00 aA-762000 bCen Lib/ Ret aDPLbEN aNbZAM aZameenzad, Adam aGorgeous white female :cby Adam Zameenzadbthe comic adventure of a demented nonager or a chronicle of wisdom and enlightenment or the story of a love / aNew DelhibPenguin Books c1995 a210, Chiranjiv Tower,3 Nehru Place bNew Delhie110019 a246p.c19cm(Hb) aLiterature fiction aEnglish Novel